| 000 | 01295nam a2200313 a 4500 | ||
|---|---|---|---|
| 001 | ebr10439379 | ||
| 003 | CaPaEBR | ||
| 006 | m u | ||
| 007 | cr cn||||||||| | ||
| 008 | 110114s2010 enka s 001 0 eng d | ||
| 020 | _z9781849510905 | ||
| 020 | _z9781849510912 (e-book) | ||
| 040 |
_aCaPaEBR _cCaPaEBR |
||
| 035 | _a(OCoLC)704518390 | ||
| 050 | 1 | 4 |
_aQA76.76.A65 _bG75 2010eb |
| 100 | 1 | _aGriffiths, Adam. | |
| 245 | 1 | 0 |
_aCodeIgniter 1.7 professional development _h[electronic resource] : _bbecome a CodeIgniter expert with professional tools, techniques, and extended libraries / _cAdam Griffiths. |
| 260 |
_aBirmingham, U.K. : _bPackt Open Source, _c2010. |
||
| 300 |
_axii, 272 p. : _bill. (some col.) |
||
| 500 | _aIncludes index. | ||
| 533 |
_aElectronic reproduction. _bPalo Alto, Calif. : _cebrary, _d2011. _nAvailable via World Wide Web. _nAccess may be limited to ebrary affiliated libraries. |
||
| 630 | 0 | 0 | _aCodeIgniter (Computer file) |
| 650 | 0 |
_aApplication software _xDevelopment. |
|
| 650 | 0 | _aInternet programming. | |
| 650 | 0 | _aOpen source software. | |
| 655 | 7 |
_aElectronic books. _2local |
|
| 710 | 2 | _aebrary, Inc. | |
| 856 | 4 | 0 |
_uhttp://site.ebrary.com/lib/rucke/Doc?id=10439379 _zAn electronic book accessible through the World Wide Web; click to view |
| 999 |
_c133790 _d133790 |
||